000
00276nam a2200109Ia 4500
008
190216s9999||||xx |||||||||||||| ||und||
100
_a
Inder K Rana
245
3
_a
An Introduction To Measure And Integration
260
_b
Narosa Pubs House
_c
1999
300
_a
380p
942
_c
BK
999
_c
31434
_d
31434